| 000 | 00960cam a22002895a 4500 | ||
|---|---|---|---|
| 001 | 14918598 | ||
| 005 | 20161204112336.0 | ||
| 008 | 070706t2007 njua fr 001 0 eng d | ||
| 020 | _a047013397X | ||
| 020 | _a9780470133972 | ||
| 040 |
_aIG# _cIG# _dBAKER _dCOA _dVP@ _dYDXCP _dAU@ _dDLC _dEG-ScBUE _beng |
||
| 082 | 0 | 4 |
_a658.401 _222 _bHAN |
| 100 | 1 | _aHannabarger, Chuck. | |
| 245 | 1 | 0 |
_aBalanced scorecard strategy for dummies / _cby Chuck Hannabarger, Rick Buchman, and Peter Economy. |
| 260 |
_aHoboken : _bJohn Wiley & Sons, _cc.2007. |
||
| 300 |
_axviii, 362 p. : _bill. ; _c24 cm. |
||
| 490 | 0 | _aFor dummies | |
| 500 | _aIncludes index. | ||
| 650 | 7 |
_aOrganizational effectiveness _xMeasurement. _2BUEsh |
|
| 650 | 7 |
_aPerformance _xMeasurement. _2BUEsh |
|
| 650 | 7 |
_aIndustrial productivity _xMeasurement. _2BUEsh _932730 |
|
| 651 | _2BUEsh | ||
| 653 |
_bENGGEN _cDecember2016 |
||
| 700 | 1 | _aBuchman, Rick. | |
| 700 | 1 | _aEconomy, Peter. | |
| 942 | _2ddc | ||
| 999 |
_c23428 _d23400 |
||